01961nam a22003493i 4500001001200000003000700012005001700019007001500036008004100051020003600092020001800128040002400146100002300170245006900193250001200262264006100274264001600335300003400351336002600385337003200411338003600443500006300479653001600542653002400558655001600582655002200598520071100620650002101331650002101352776013301373856010501506EBC31606730MiAaPQ20260505130903.0cr cnu||||||||260505s2024 xx o ||||0 ger d a9783863936570q(electronic bk.) z9783863931766 aMiAaPQbengcMiAaPQ1 aAugsberg, Steffen.10aVerfassungspatriotismus :bKonzept, Kritik, Künftige Relevanz. a1st ed. 1aHamburg :bCEP Europäische Verlagsanstalt GmbH,c2024. 4c{copy}2024. a1 online resource (232 pages) aTextbtxt2rdacontent aComputermedienbc2rdamedia aOnline Resourcebcr2rdacarrier aE-Book-ProQuest / Fernzugriff nach Registrierung möglich aPatriotism. aConstitutional law. aFernzugriff 4aElectronic books. aThe book explores the concepts of patriotism and constitutional law, focusing on the German Grundgesetz and its role in shaping national identity. It examines the evolution of patriotism through the perspectives of Dolf Sternberger and Jürgen Habermas, highlighting how traditional ideas have been adapted to fit modern societal needs. The text delves into the interplay between legal frameworks and national identity, discussing the integration of Germany into European and Western contexts. The book is intended for scholars and students interested in political theory, constitutional law, and German history, aiming to provide insights into the relationship between law and identity.7Generated by AI. 07Generated by AI. 07Generated by AI.08iPrint version:aAugsberg, SteffentVerfassungspatriotismusdHamburg : CEP Europäische Verlagsanstalt GmbH,c2024z978386393176640uhttps://ebookcentral.proquest.com/lib/maxweberstiftung-ebooks/detail.action?docID=31606730zVolltext